| 000 | 02128nam a2200553 i 4500 | ||
|---|---|---|---|
| 001 | 25777 | ||
| 003 | KOSZ 005 | ||
| 005 | 20200715105018.0 | ||
| 008 | 200715s1973 pl a f 000 0 pol | ||
| 015 | _aUWD 1974/2223 | ||
| 035 | _a991028053829705066 | ||
| 035 | _a(PL-WaBN)b17598989-48omnis_nlop | ||
| 035 | _ab17598989 | ||
| 035 | _a(OCoLC)751008199 | ||
| 035 | _a(PL)b0000001759898 | ||
| 035 | _a(EXLNZ-48OMNIS_NETWORK)9910502678705606 | ||
| 040 |
_aWA N _cWA N _dKOSZ 005/RW |
||
| 046 | _k1973 | ||
| 080 | _a624 | ||
| 080 | _a621.01 | ||
| 080 | _a519..61/.64 | ||
| 245 | 0 | 0 |
_aProgramy metody elementów skończonych / _c[autorzy] Jan Szmelter [et al.] ; redakcja naukowa Witold Ciołek. |
| 260 |
_aWarszawa : _b"Arkady", _c1973. |
||
| 300 |
_a150, [2] stron : _bilustracje, wykresy ; _c24 cm. |
||
| 336 |
_aTekst _btxt _2rdacontent |
||
| 337 |
_aBez urządzenia pośredniczącego _bn _2rdamedia |
||
| 338 |
_aWolumin _bnc _2rdacarrier |
||
| 380 | _aKsiążki | ||
| 380 | _aPublikacje fachowe | ||
| 380 | _aPublikacje dydaktyczne | ||
| 388 | 1 | _a1901-2000 | |
| 388 | 1 | _a1945-1989 | |
| 504 | _aBibliografia na stronie [152]. | ||
| 521 | 8 | _aKsiążka przeznaczona jest dla pracowników ośrodków elektronicznej techniki obliczeniowej, inżynierów projektantów różnych specjalności, pracowników naukowych oraz może być wykorzystana przez studentów wyższych uczelni technicznych i niektórych wydziałów uniwersyteckich. | |
| 650 | 7 |
_aMetoda elementów skończonych _2DBN |
|
| 650 | 7 | _aMechanika | |
| 655 | 7 | _aOpracowanie | |
| 658 | _aMatematyka | ||
| 658 | _aInżynieria i technika | ||
| 700 | 1 |
_aCiołek, Witold _eRedakcja |
|
| 700 | 1 |
_aSzmelter, Jan _d(1920-1978) _eAutor |
|
| 700 | 1 |
_aDacko, Marian _eAutor |
|
| 700 | 1 |
_aDobrociński, Stanisław _eAutor |
|
| 700 | 1 |
_aWieczorek, Mieczysław _d( -1998) _eAutor |
|
| 710 | 2 |
_aWydawnictwo Arkady _4pbl |
|
| 856 |
_uhttp://koha.tu.koszalin.pl/cgi-bin/koha/opac-detail.pl?biblionumber=25777 _yKatalog online BPK |
||
| 942 |
_2UKD _cKS |
||
| 999 |
_c25777 _d25777 |
||